Accounting for wealth in the Czech republic

Národné bohatstvo ČR. Identifikácia nefinančných aktív a experimentálna valuácia majetku. Čistá hodnota majetku domácností: obydlia, lesy, pozemky, polia a lúky, úspory v cudzích menách mínus úvery, majetkové a investičné podiely, poistné a penzijné nároky. Systém národných účtov ČR. Sociálna dimen...

Descripción completa

Guardado en:
Detalles Bibliográficos
Autor principal: Ondruš, Vitězslav
Formato: Capítulo de libro
Lenguaje:inglés
Materias:
Etiquetas: Agregar Etiqueta
Sin Etiquetas, Sea el primero en etiquetar este registro!

MARC

LEADER 00000naa a2200000 4500
001 0200771
005 20220729111904.7
041 0 |a eng 
044 |a CZ 
245 1 0 |a Accounting for wealth in the Czech republic  |c Vitězslav Ondruš 
520 |a Národné bohatstvo ČR. Identifikácia nefinančných aktív a experimentálna valuácia majetku. Čistá hodnota majetku domácností: obydlia, lesy, pozemky, polia a lúky, úspory v cudzích menách mínus úvery, majetkové a investičné podiely, poistné a penzijné nároky. Systém národných účtov ČR. Sociálna dimenzia bohatstva. Kvalita dát národných ekonomických ukazovateľov. 
610 2 0 |a produkt domáci hrubý 
610 2 0 |a úspory obyvateľstva 
610 2 0 |a bohatstvo národné 
610 2 0 |a aktíva 
610 2 0 |a majetok nehnuteľný 
610 2 0 |a domácnosti 
610 2 0 |a ručenie 
100 1 |a Ondruš, Vitězslav